[Event "Rheinland Pfalz op Seniors 12th"]
[Site "Neustadt an der Weinstrasse"]
[Date "2014.07.12"]
[Round "1"]
[White "Schenn, Andreas"]
[Black "Eichner, Christian"]
[Result "0-1"]
[WhiteElo "1830"]
[BlackElo "2072"]
[PlyCount "64"]
[EventDate "2014.07.12"]
[EventType "swiss"]
[EventRounds "7"]
[EventCountry "GER"]
[SourceTitle "EXT 2019"]
[Source "ChessBase"]
[SourceDate "2018.10.10"]
[SourceVersion "1"]
[SourceVersionDate "2018.10.10"]
[SourceQuality "1"]

1. e4 e5 2. Nf3 Nc6 3. d4 exd4 4. Nxd4 Bc5 5. c3 Qf6 6. Be3 Nge7 7. Nf5 Bb6 8. Bd4 Nxd4 9. Nxd4 0-0 10. Be2 Nc6 11. Nf3 Qg6 12. 0-0 d6 13. Nbd2 Be6 14. Nh4 Qf6 15. g3 d5 16. Bf3 Rad8 17. Qe2 Rfe8 18. Rae1 g5 19. Ng2 Bh3 20. Bg4 Bxg4 21. Qxg4 Ne5 22. Qe2 d4 23. Kh1 dxc3 24. bxc3 Qc6 25. c4 Ba5 26. Rd1 Bxd2 27. Rxd2 Qxc4 28. Qxc4 Nxc4 29. Re2 Rd2 30. Rfe1 Red8 31. Kg1 Ne5 32. Re3 Rxa2 0-1

[Event "Berlin-ch Seniors op 26th"]
[Site "Berlin"]
[Date "2010.02.14"]
[Round "6"]
[White "Schulz, Manfred"]
[Black "Schenn, Andreas"]
[Result "1/2-1/2"]
[WhiteElo "1496"]
[BlackElo "1669"]
[PlyCount "119"]
[EventDate "2010.02.09"]
[EventType "swiss"]
[EventRounds "9"]
[EventCountry "GER"]
[SourceTitle "EXT 2012"]
[Source "ChessBase"]
[SourceDate "2011.11.24"]
[SourceVersion "1"]
[SourceVersionDate "2011.11.24"]
[SourceQuality "1"]

1. d4 Nf6 2. Nf3 e6 3. e3 d5 4. Bd3 c5 5. c3 cxd4 6. exd4 Be7 7. 0-0 0-0 8. Nbd2 Nc6 9. Re1 Qc7 10. Ne5 h6 11. Ndf3 Rd8 12. h3 Bd7 13. Bf4 Bd6 14. Nxc6 bxc6 15. Bxd6 Qxd6 16. Ne5 Be8 17. Bc2 c5 18. dxc5 Qxc5 19. Bb3 Rab8 20. Qf3 a5 21. Rab1 Rdc8 22. Qe3 Qxe3 23. Rxe3 Ne4 24. Nf3 Nd6 25. Nd2 a4 26. Bd1 Nf5 27. Rf3 g6 28. b4 axb3 29. axb3 Nd6 30. Ra1 Ra8 31. Rxa8 Rxa8 32. Kf1 Kf8 33. Re3 Ra1 34. Ke1 Ke7 35. Nf3 Rb1 36. Nd2 Ra1 37. Nf3 f6 38. Nh4 g5 39. Nf3 Nf5 40. Rd3 Bb5 41. Rd2 Nd6 42. Rd4 Bc6 43. Nd2 e5 44. Rb4 Nb5 45. Ra4 Rxa4 46. bxa4 Nxc3 47. a5 Kd8 48. Bb3 Kc8 49. Nf1 Kb7 50. Ne3 d4 51. Ng4 Ka6 52. f3 Kxa5 53. Nxf6 Kb4 54. Bf7 e4 55. fxe4 Nxe4 56. Ng4 Nc3 57. Kd2 Bxg2 58. Kd3 Bxh3 59. Nxh6 Bf1+ 60. Kxd4 1/2-1/2

[Event "Bad Woerishofen Seniors opA 23rd"]
[Site "Bad Woerishofen"]
[Date "2007.03.15"]
[Round "8"]
[White "Schenn, Andreas"]
[Black "Miller, Martin"]
[Result "0-1"]
[WhiteElo "1744"]
[BlackElo "1756"]
[PlyCount "126"]
[EventDate "2007.03.08"]
[EventType "swiss"]
[EventRounds "9"]
[EventCountry "GER"]
[SourceTitle "EXT 2022"]
[Source "ChessBase"]
[SourceDate "2021.10.06"]
[SourceVersion "1"]
[SourceVersionDate "2021.10.06"]
[SourceQuality "1"]

1. e4 c5 2. Nf3 e6 3. d4 cxd4 4. Nxd4 Nf6 5. Bd3 a6 6. 0-0 Qc7 7. Nc3 b5 8. a3 Bb7 9. Qe2 Bc5 10. Nb3 Bb6 11. Bg5 Qe5 12. Bxf6 Qxf6 13. Kh1 0-0 14. f4 Nc6 15. e5 Qh6 16. Ne4 Rad8 17. Nd6 Ba8 18. Rad1 f5 19. c4 bxc4 20. Bxc4 a5 21. Bb5 g5 22. fxg5 Qg7 23. Nc4 Bc7 24. Rfe1 f4 25. h4 Rf5 26. Bxc6 Bxc6 27. Nd4 f3 28. Nxf3 Bxf3 29. gxf3 Rf4 30. Rg1 Rxh4+ 31. Kg2 Kh8 32. Kf1 Rf8 33. b3 Bb8 34. Qe3 a4 35. Nd6 axb3 36. Kg2 Rhf4 37. Ne4 Bxe5 38. Qxb3 d5 39. Ng3 Qxg5 40. Rd3 Rc4 41. Kf2 Bd4+ 42. Rxd4 Rxd4 43. Ne2 Qd2 44. Rg3 Re4 45. Qc3+ Qxc3 46. Nxc3 Rc4 47. Ne2 d4 48. f4 e5 49. Rd3 e4 50. Rxd4 Rxd4 51. Nxd4 Rxf4+ 52. Ke3 Rh4 53. a4 Rh3+ 54. Kxe4 Ra3 55. Nf5 Rxa4+ 56. Kf3 Kg8 57. Kg3 Kf7 58. Ne3 Kf6 59. Ng4+ Kg5 60. Nh2 Ra3+ 61. Nf3+ Kf5 62. Kg2 Kf4 63. Ng1 Kg4 0-1

[Event "Bad Woerishofen Seniors opA 23rd"]
[Site "Bad Woerishofen"]
[Date "2007.03.13"]
[Round "6"]
[White "Schenn, Andreas"]
[Black "Mentel, Juergen"]
[Result "0-1"]
[WhiteElo "1744"]
[BlackElo "1908"]
[PlyCount "72"]
[EventDate "2007.03.08"]
[EventType "swiss"]
[EventRounds "9"]
[EventCountry "GER"]
[SourceTitle "EXT 2022"]
[Source "ChessBase"]
[SourceDate "2021.10.06"]
[SourceVersion "1"]
[SourceVersionDate "2021.10.06"]
[SourceQuality "1"]

1. e4 c5 2. Nf3 a6 3. d4 cxd4 4. Nxd4 Nf6 5. Nc3 e5 6. Nf3 Bb4 7. Bd3 0-0 8. Bd2 d5 9. Nxd5 Bxd2+ 10. Qxd2 Nxd5 11. exd5 e4 12. Bxe4 Re8 13. Qd3 f5 14. Nd2 fxe4 15. Nxe4 Bf5 16. f3 Bxe4 17. fxe4 Qh4+ 18. g3 Qxe4+ 19. Qxe4 Rxe4+ 20. Kf2 Nd7 21. Rhe1 Rae8 22. Rxe4 Rxe4 23. Rd1 Kf7 24. b3 b5 25. Kf3 Nf6 26. g4 Rxg4 27. d6 Ke8 28. h3 Re4 29. d7+ Kd8 30. Rd6 Rh4 31. Rxa6 Rxh3+ 32. Kg2 Rc3 33. Ra8+ Kxd7 34. a4 Rxc2+ 35. Kf1 bxa4 36. bxa4 Rc8 0-1